MARC

LEADER 00000nam0a2200000 4500
001 300115
005 20231102001253.0
020 |a RU  |b 83-6839 
035 |a (RuTPU)RU\TPU\book\325268 
090 |a 300115 
100 |a 20150707d1982 km y0rusy5003 ca 
101 0 |a rus 
102 |a RU 
105 |a y z 000zy 
200 1 |a Пути повышения эффективности капитальных вложений и основных фондов  |f Академия наук СССР (АН СССР), Институт социально-экономических проблем ; под ред. Т. С. Хачатурова, В. А. Воротилова 
210 |a Ленинград  |c Наука  |d 1982 
215 |a 215 с. 
300 |a Авт. указаны на 3-4-й с. 
606 1 |a Основные фонды  |2 stltpush  |3 (RuTPU)RU\TPU\subj\36573  |9 57903 
610 1 |a экономическая эффективность 
610 1 |a капитальные вложения 
610 1 |a использование 
610 1 |a планирование 
610 1 |a отрасли промышленности 
610 1 |a экономическое стимулирование 
610 1 |a фондоотдача 
686 |a У9(2)0-57  |2 rubbk 
702 1 |a Хачатуров  |b Т. С.  |g Тигран Сергеевич  |4 340 
702 1 |a Воротилов  |b В. А.  |g Виктор Андреевич  |4 340 
712 0 2 |a Академия наук СССР (АН СССР)  |b Институт социально-экономических проблем  |2 stltpush  |3 (RuTPU)RU\TPU\col\12416 
801 0 |a RU  |b RuMRKP  |c 19950704  |g psbo 
801 1 |a RU  |b 63413507  |c 20150707 
801 2 |a RU  |b 63413507  |c 20180601  |g RCR 
942 |c BK